| 000 | 01055nam a2200241 i 4500 | ||
|---|---|---|---|
| 001 | 115645 | ||
| 003 | ES-MaACL | ||
| 005 | 20230906190524.0 | ||
| 007 | t| | ||
| 008 | 070423s1871 sp ||||1| spa d | ||
| 080 | _a94(729.1)"1868/78" | ||
| 100 | 1 |
_aVelasco, José María. _9113729 |
|
| 245 | 1 | 0 |
_aGuerra de Cuba : _bcausas de su duración y medios de terminarla y asegurar su pacificación / _cpor el brigadier José María Velasco. |
| 260 |
_aMadrid : _b[s.n.], _c1871 ( _fImp. de A. Orejas) |
||
| 300 |
_a96 p. ; _c15 cm. |
||
| 530 | _aDisponible en formato digital. | ||
| 594 | _aPrólogo firmado por C. de Toledo | ||
| 651 | 4 |
_aCuba- _xHistoria- _y1868-1878, Guerra de los Diez Años. _98103 |
|
| 852 | 4 |
_aES-MaACL _jT-117-F-4 _z- Enc. en un vol. facticio, falto de port. |
|
| 852 | 4 |
_aES-MaACL _jT-150-F-2 _z- Enc. en un vol. facticio, falto de port. |
|
| 852 | 4 |
_aES-MaACL _jT-161-F-3 _z- Enc. en un vol. facticio, falto de port. |
|
| 856 | 4 |
_uhttp://bdh-rd.bne.es/viewer.vm?id=0000111864&page=1 _zBiblioteca Digital Hispánica |
|
| 999 |
_c115645 _d115645 |
||